000
00307nam a22001217a 4500
082
_a
001.642 SMI
100
_a
Peter, S
245
_a
Expert System development in Prolog and Turbo-Prolog
260
_a
India
_b
New Delhi
_c
1990
300
_a
214p.
_b
24cm
500
_a
Includes Index and Appendex
942
_c
BK
999
_c
16581
_d
16581